ផ្ទះអណ្តែតទឹក / (Record no. 8661)

MARC details
000 -LEADER
fixed length control field 01704nam a22002777a 4500
001 - CONTROL NUMBER
control field 8661
003 - CONTROL NUMBER IDENTIFIER
control field FISKH
005 - DATE AND TIME OF LATEST TRANSACTION
control field 20251205141557.0
008 - FIXED-LENGTH DATA ELEMENTS--GENERAL INFORMATION
fixed length control field 251008b cb ||||| |||| 00| 0 eng d
040 ## - CATALOGING SOURCE
Original cataloging agency FISKH
Language of cataloging khr
Transcribing agency FISKH
Modifying agency FISKH
050 ## - LIBRARY OF CONGRESS CALL NUMBER
Classification number PZ7
082 ## - DEWEY DECIMAL CLASSIFICATION NUMBER
Classification number J627
100 ## - MAIN ENTRY--PERSONAL NAME
Personal name Ministry of Education, Youth and Sports
245 ## - TITLE STATEMENT
Title ផ្ទះអណ្តែតទឹក /
Statement of responsibility, etc. ក្រសួងអប់រំ យុវជន និងកីឡា
260 ## - PUBLICATION, DISTRIBUTION, ETC.
Place of publication, distribution, etc. Phnom Penh :
Name of publisher, distributor, etc. កិច្ចសហប្រតិបត្តិការអភិវឌ្ឍន៍ប៊ែលហ្ស៊ិក ,
Date of publication, distribution, etc. 2009.
300 ## - PHYSICAL DESCRIPTION
Extent 16 pages :
Other physical details color illustrations ;
Dimensions 25 cm .
505 ## - FORMATTED CONTENTS NOTE
Formatted contents note M <br/>
520 ## - SUMMARY, ETC.
Summary, etc. ឡូញបានទៅទស្សនាផ្ទះរបស់សុងនៅភូមិទឹក। ពួកគេមានអារម្មណ៍ច្រណែនគ្នាទៅវិញទៅមក ពីព្រោះការរស់នៅលើផ្ទះលើទឹក បណ្ដាលឲ្យសុងខកខានសកម្មភាពខ្លះៗលើគោក។ ខណៈដែលឡូន់ក៏ខកខានសកម្មភាពខ្លះៗនៃជីវិតលើផ្ទះទឹកដែរ។
520 ## - SUMMARY, ETC.
Summary, etc. Lonh visited Song' house in the floating village; they envied of each other because living in floating house, Song missed some activities on the mainland; while Lonh also missed some activities living in the floating house.
521 8# - TARGET AUDIENCE NOTE
Target audience note 530 <br/>
Source Lexile estimate <br/>
521 8# - TARGET AUDIENCE NOTE
Target audience note M <br/>
Source Raz-Plus <br/>
650 ## - SUBJECT ADDED ENTRY--TOPICAL TERM
Topical term or geographic name entry element ផ្ទះអណ្តែតទឹក
650 ## - SUBJECT ADDED ENTRY--TOPICAL TERM
Topical term or geographic name entry element Floating house
942 ## - ADDED ENTRY ELEMENTS (KOHA)
Source of classification or shelving scheme Dewey Decimal Classification
Koha item type Khmer Books
Suppress in OPAC No
Holdings
Withdrawn status Lost status Source of classification or shelving scheme Damaged status Not for loan Collection Home library Current library Shelving location Date acquired Total Checkouts Full call number Barcode Date last seen Date last checked out Copy number Price effective from Koha item type
    Dewey Decimal Classification     Khmer Language Books / សៀវភៅភាសាខ្មែរ Footprints International School Library Network Toul Tom Poung Campus Footprints International School Library Network Toul Tom Poung Campus TTP Primary Khmer Bookshelves 10/08/2025 1 MIN PZ7 J627 FISBK03484 10/17/2025 10/09/2025 1 10/08/2025 Khmer Books
    Dewey Decimal Classification     Khmer Language Books / សៀវភៅភាសាខ្មែរ Footprints International School Library Network Toul Tom Poung Campus Footprints International School Library Network Toul Tom Poung Campus TTP Primary Khmer Bookshelves 10/10/2025   MIN PZ7 J627 FISBK03491 10/10/2025   2 10/10/2025 Khmer Books
    Dewey Decimal Classification     Khmer Language Books / សៀវភៅភាសាខ្មែរ Footprints International School Library Network Toul Tom Poung Campus Footprints International School Library Network Toul Tom Poung Campus TTP Primary Khmer Bookshelves 10/10/2025   MIN PZ7 J627 FISBK03474 10/10/2025   3 10/10/2025 Khmer Books
    Dewey Decimal Classification     Khmer Language Books / សៀវភៅភាសាខ្មែរ Footprints International School Library Network Toul Tom Poung Campus Footprints International School Library Network Toul Tom Poung Campus TTP Primary Khmer Bookshelves 12/05/2025   MIN PZ7 J627 2025-5043 12/05/2025   4 12/05/2025 Khmer Books
    Dewey Decimal Classification     Khmer Language Books / សៀវភៅភាសាខ្មែរ Footprints International School Library Network Toul Tom Poung Campus Footprints International School Library Network Toul Tom Poung Campus TTP Primary Khmer Bookshelves 12/05/2025   MIN PZ7 J627 2025-5054 12/05/2025   5 12/05/2025 Khmer Books
    Dewey Decimal Classification     Khmer Language Books / សៀវភៅភាសាខ្មែរ Footprints International School Library Network Toul Tom Poung Campus Footprints International School Library Network Toul Tom Poung Campus TTP Primary Khmer Bookshelves 12/12/2025   MIN PZ7 J627 FISBK03493 12/12/2025   6 12/12/2025 Khmer Books